| 000 | 01175nam a22002657a 4500 | ||
|---|---|---|---|
| 005 | 20240530110925.0 | ||
| 008 | 220221s2005 ua c g b 000 0 ara d | ||
| 020 | _a9771803697 | ||
| 040 |
_aEG-CaGPL _cEG-CaGPL |
||
| 082 | 0 | 4 |
_221 _a811.009962 / _bع خ |
| 100 | 0 | _aالعماد الاصفهانى الكاتب | |
| 245 | 1 | 2 |
_aخريدة القصر وجريدة العصر : _bقسم شعراء مصر / _cتاليف العماد الاصفهانى الكاتب ؛ نشره احمد امين ، شوقى ضيف ، احسان عباس _n( الجزء الاول - الجزء الثانى ) |
| 260 |
_aالقاهرة : _bمطبعة دار الكتب و الوثائق القومية بالقاهرة ، _c2005 |
||
| 300 |
_a2 جزء ؛ _c30 سم |
||
| 490 | _aمركز تحقيق التراث | ||
| 650 | 0 | 7 |
_aالشعر العربى _2qrmak |
| 650 | 0 | 7 |
_aشعراء مصر _2qrmak |
| 650 | 0 | 7 |
_aالاصفهانى _2qrmak |
| 650 | 0 | 7 |
_aالادب العربى _2qrmak |
| 700 |
_aاحمد امين _eنشره |
||
| 700 |
_aشوقى ضيف _eنشره |
||
| 700 |
_aاحسان عباس _eنشره |
||
| 942 |
_2ddc _cBK |
||
| 999 |
_c66557 _d66557 |
||